Fast Typing 1-100 - Statistics

General Stats
  • This quiz has been taken 28 times
  • The average score is 86 of 100
Answer Stats
Numbers % Correct
1
100%
10
100%
11
100%
2
100%
3
100%
4
100%
5
100%
6
100%
7
100%
8
100%
9
100%
12
94%
13
94%
14
94%
15
94%
16
94%
17
94%
18
94%
19
94%
21
94%
31
94%
41
94%
51
94%
61
94%
71
94%
20
89%
22
89%
23
89%
24
89%
25
89%
26
89%
27
89%
28
89%
29
89%
30
89%
32
89%
33
89%
34
89%
35
89%
36
89%
37
89%
38
89%
39
89%
40
89%
42
89%
43
89%
44
89%
45
89%
46
89%
47
89%
48
89%
49
89%
50
89%
53
89%
54
89%
55
89%
56
89%
57
89%
58
89%
59
89%
62
89%
63
89%
64
89%
65
89%
66
89%
67
89%
68
89%
69
89%
72
89%
73
89%
74
89%
52
83%
60
83%
70
83%
75
83%
76
83%
77
83%
78
83%
79
78%
80
78%
81
78%
82
72%
83
72%
84
72%
85
72%
86
72%
88
72%
89
72%
90
72%
91
72%
92
72%
93
72%
97
72%
87
67%
94
67%
95
67%
96
67%
98
61%
99
61%
100
56%
No matching quizzes found
Score Distribution
Percent of People with Each Score
Percentile by Number Answered
Your Score History
You have not taken this quiz